000 00565nam a2200193Ia 4500
008 220216s9999 xx 000 0 und d
100 _aGibala D
245 0 _aCure and mechanical behavior of rubber compounds containing ground vulcanizates. Part II - Mooney viscosity
260 _bRubber Chemistry and Technology
_c1996
300 _a115-119
650 _aCuring
650 _aGround vulcanizates
650 _aMooney viscosity
650 _aRubber compounds
700 _aHamed G R
700 _aLaohapisitpanich K
700 _aThomas D
942 _cJS
999 _c56616
_d56616